| 000 | 01776nam a2200373 i 4500 | ||
|---|---|---|---|
| 003 | DO-SdBNP | ||
| 005 | 20250919112547.0 | ||
| 006 | a||||gr|||| 00| 0 | ||
| 007 | ta | ||
| 008 | 230615e2022 dr ahg|| |||| 00| 0 spa d | ||
| 020 | _a9789945610093 (1era. edición) | ||
| 020 | _a9789945643176 (2da. edición) | ||
| 020 | _a9789945643183 (digital) | ||
| 040 |
_aDO-SdBNP _bspa _cBNPHU _erda |
||
| 041 | _aspa | ||
| 082 | 4 |
_a929.6097293 _bG633s 2022 _222 |
|
| 100 | 1 |
_aGómez, Wilson, _eautor _4aut. _98532 |
|
| 245 | 1 | 0 |
_aSimbología patriótica de la República Dominicana / _cWilson Gómez. |
| 250 | _aSegunda edición | ||
| 264 | 1 |
_aSanto Domingo, República Dominicana : _bTribunal Constitucional, _c2022. |
|
| 300 |
_a226 páginas : _bIlustraciones, facsímil, música, retrato ; _c22 cm |
||
| 336 |
_atexto _btxt _2rdaconten |
||
| 337 |
_asin medición _bn _2rdamedia |
||
| 338 |
_avolumen _bnc _2rdacarrier |
||
| 490 | 0 | _aIUDEX | |
| 505 |
_aPrólogo. _gCapítulo I. _tSurgimiento de la bandera en el mundo. -- _gCapítulo II. _tDiseño y confección de la Bandera Nacional. -- _gCapítulo III. _tOrigen del Escudo en el mundo. -- _gCapítulo IV. _tDiseño del Escudo Nacional dominicano. -- _gCapítulo V. _tLa Bandera Presidencial. -- _gCapítulo VI. _tLos Himnos del mundo. -- _gCapítulo VII. _tEl Himno Nacional Dominicano. -- _gCapítulo VIII. _tHimnos patrióticos. -- _t Anexos. -- |
||
| 590 | _aInventariado 2023 / MF | ||
| 650 | 7 |
_aEmblemas nacionales _z República Dominicana _2LEMB _910404 |
|
| 650 | 7 |
_aBanderas _zRepública Dominicana _2LEMB _955099 |
|
| 650 | 7 |
_aEscudos nacionales _zRepública Dominicana _2LEMB _955100 |
|
| 710 | 1 |
_aRepública Dominicana. _bCorte de Constitucionalidad _971191 |
|
| 910 | _aValidado. Control de calidad MFF | ||
| 942 |
_2ddc _cLBS1 |
||
| 999 |
_c53835 _d53835 |
||